1996 Election Night - Statistics

General Stats
  • This quiz has been taken 10 times
    9 since last reset
  • The average score is 49 of 56
Answer Stats
Time Called EST Electoral Votes Answer % Correct
8:00 PM 9 Alabama
100%
Wed. 12:02 AM 3 Alaska
100%
8:30 PM 6 Arkansas
100%
11:00 PM 54 California
100%
8:00 PM 8 Connecticut
100%
8:00 PM 3 Delaware
100%
8:00 PM 3 District of Columbia
100%
7:00 PM 25 Florida
100%
11:00 PM 4 Hawaii
100%
8:12 PM 12 Indiana
100%
10:00 PM 7 Iowa
100%
8:00 PM 2 Maine
100%
8:00 PM 1 Maine-1
100%
8:00 PM 1 Maine-2
100%
8:00 PM 10 Maryland
100%
9:00 PM 10 Minnesota
100%
9:00 PM 2 Nebraska
100%
9:00 PM 1 Nebraska-1
100%
11:10 PM 1 Nebraska-2
100%
9:00 PM 1 Nebraska-3
100%
7:00 PM 4 New Hampshire
100%
9:00 PM 33 New York
100%
7:30 PM 21 Ohio
100%
8:00 PM 23 Pennsylvania
100%
8:00 PM 32 Texas
100%
7:00 PM 3 Vermont
100%
10:11 PM 13 Virginia
100%
9:00 PM 11 Wisconsin
100%
12:06 AM 8 Arizona
75%
Wed. 8 Colorado
75%
Wed. 13 Georgia
75%
10:00 PM 4 Idaho
75%
8:00 PM 22 Illinois
75%
8:00 PM 6 Kansas
75%
8:37 PM 8 Kentucky
75%
9:32 PM 9 Louisiana
75%
8:00 PM 12 Massachusetts
75%
8:00 PM 18 Michigan
75%
11:10 PM 7 Mississippi
75%
8:00 PM 11 Missouri
75%
Wed. 3 Montana
75%
Wed. 4 Nevada
75%
8:00 PM 15 New Jersey
75%
9:00 PM 5 New Mexico
75%
8:51 PM 14 North Carolina
75%
11:04 PM 3 North Dakota
75%
8:00 PM 8 Oklahoma
75%
9:00 PM 4 Rhode Island
75%
8:33 PM 8 South Carolina
75%
11:39 PM 3 South Dakota
75%
8:00 PM 11 Tennessee
75%
11:00 PM 11 Washington
75%
7:30 PM 5 West Virginia
75%
9:00 PM 3 Wyoming
75%
11:00 PM 7 Oregon
50%
10:00 PM 5 Utah
50%
No matching quizzes found
Score Distribution
Percent of People with Each Score
Percentile by Number Answered
Your Score History
You have not taken this quiz since the last reset